000
00310nam a22001217a 4500
008
230627b xxu||||| |||| 00| 0 eng d
082
_a
338.51
_b
LON 1967
100
_c
Harold H. Longman
245
_a
How to Cut Office Costs
260
_a
India
_b
Jaico Publishing House
_c
1967
300
_a
300p
942
_2
ddc
_c
BK
999
_c
2934
_d
2934